| 000 | 00344nam a22001457a 4500 | ||
|---|---|---|---|
| 003 | SGT | ||
| 020 | _a9781437712070 | ||
| 082 |
_a617.601 _bO09G |
||
| 100 | _aGary A. Colangelo | ||
| 245 | _aOral Health Care Access | ||
| 260 |
_aDELHI _bDCNA ELSEVIER INDIA _c2009 |
||
| 300 | _a399-615 | ||
| 650 | _aPUBLIC HEALTH DENTISTRY | ||
| 942 |
_2ddc _cBK |
||
| 999 |
_c18054 _d18054 |
||